000 00244nam a2200109Ia 4500
008 230320s9999||||xx |||||||||||||| ||spa||
082 _a184/P66E
100 _aPlatón
245 0 _aEutifron O De La Piedad
260 _bAguilar
942 _80
_cLIB
999 _c26125
_d26125